Linguistica
The journal encourages research into Romanic, Slavic, and Germanic languages.
| Autores Corporativos: | , |
|---|---|
| Formato: | Electrónico Seriadas |
| Lenguaje: | esloveno croata inglés francés alemán italiano |
| Publicado: |
Ljubljana :
Univerzitetna ·založba univerze v Ljubljani
|
| Materias: | |
| Acceso en línea: | Full text available from Research Library: 01/01/2007 to present |
MARC
| LEADER | 00000nas a2200000 i 4500 | ||
|---|---|---|---|
| 001 | ssj0001574934 | ||
| 003 | WaSeSS | ||
| 005 | 20200512172242.0 | ||
| 006 | m d | ||
| 007 | cr n | ||
| 008 | 100516c19559999xv ar s bo 0 a0slv c | ||
| 010 | |a 2018238621 | ||
| 022 | |a 2350-420X |l 0024-3922 |y 0024-3922 | ||
| 035 | |a (WaSeSS)ssj0001574934 | ||
| 040 | |a OCLCE |b eng |e pn |c OCLCE |d OCLCQ |d OCLCF |d OCLCO |d OCLCS |d CUS |d OCLCQ |d WY@ |d IUL |d VT2 |d OCL |d WaSeSS | ||
| 041 | 0 | |a hrv |a eng |a fre |a ger |a ita |a slv | |
| 042 | |a pcc |a dlr | ||
| 050 | 4 | |a P25 |b .L553 | |
| 082 | 1 | 4 | |a [E] |
| 222 | 0 | |a Linguistica |b (Ljubljana, Online) | |
| 245 | 0 | 0 | |a Linguistica |h [electronic resource]. |
| 260 | |a Ljubljana : |b Univerzitetna ·založba univerze v Ljubljani | ||
| 310 | |a Annual, |b 1999- | ||
| 321 | |a Irregular; one to two issues per year, |b 1955-1998 | ||
| 362 | 1 | |a Print began in 1955 with: Leto I, št 1 (1955). | |
| 506 | |a License restrictions may limit access. | ||
| 515 | |a Some issued in parts. | ||
| 515 | |a Publication suspended 1957. | ||
| 520 | |a The journal encourages research into Romanic, Slavic, and Germanic languages. | ||
| 538 | |a Master and use copy. Digital master created according to Benchmark for Faithful Digital Reproductions of Monographs and Serials, Version 1. Digital Library Federation, December 2002. |u http://purl.oclc.org/DLF/benchrepro0212 |5 MiAaHDL | ||
| 546 | |a Croatian, English, French, German, Italian, or Slovenian; summaries in Croatian, French, German, or Slovenian. | ||
| 550 | |a Issued under the auspices of: Raziskovalna skupnost slovenije, <1982-> | ||
| 580 | |a The first issue of the journal Linguistica came out in 1955 as a supplement to Slavistična revija, Journal for Linguistics and Literary Studies. Since 1958 Linguistica has been published as an independent journal, covering a broad spectrum of investigations into linguistics. | ||
| 583 | 1 | |a digitized |c 2010 |h HathiTrust Digital Library |l committed to preserve |2 pda |5 MiAaHDL | |
| 588 | |a Description based on: Leto I, št 1 (1955); title from PDF of page 1 (publisher's website, viewed December 17, 2018). | ||
| 588 | |a Latest issue consulted: LVII (2017). | ||
| 650 | 0 | |a Linguistics. | |
| 650 | 7 | |a Linguistics. |2 fast |0 (OCoLC)fst00999202 | |
| 655 | 0 | |a Electronic journals. | |
| 710 | 2 | |a Raziskovalna skupnost Slovenije. | |
| 710 | 2 | |a Univerza v Ljubljani. |b Filozofska fakulteta. | |
| 772 | 1 | |t Slavistična revija |g 1955-1956 |x 0350-6894 |w (DLC) 58021756 |w (OCoLC)1929285 | |
| 776 | 0 | 8 | |i Print version: |t Linguistica |x 0024-3922 |w (DLC) 73647770 |w (OCoLC)1789799 |
| 856 | 4 | 0 | |z Full text available from Research Library: 01/01/2007 to present |u https://search.proquest.com/publication/2038461 |